000 00293nam a2200133Ia 4500
005 20251222143158.0
008 251222s9999||||xx |||||||||||||| ||spa||
020 _a88-307-0729-5
082 _a363.7/W98
245 0 _aFuturo sostenibile.:
250 _a2a.ed.
264 _bEMI
942 _cLIB
999 _c12943
_d12943